000 01191nam a22002537a 4500
003 OSt
005 20250129172205.0
008 250129b ||||| |||| 00| 0 spa d
020 _a9788491055181
040 _cCO-Mq BPB
041 _aspa
082 _aAN
_bTOLa
100 _aTolstoi, Lev
_eautor
245 _aAnna Karénina
264 _aBarcelona, España;
_bPenguin Random House,
_c2022
300 _a1.021 páginas,
_bTapa dura
_c20 cm
521 _aLa historia de Anna Karenina, junto a la de Madame Bovary, es la del adulterio más celebre de la literatura. El enamoramiento de la protagonista, casada con el alto funcionario Karenin, por el atractivo militar Vronski y el estrepitoso romance que con el vive son el eje de una novela que es mucho más que la pulida tragedia de una caída en desgracia: es un esmerado y delicado retrato de todo un tiempo y un lugar, la vivisección de una sociedad en la que la felicidad de algunos convive con la desdicha de otros.
650 _aNovela rusa
650 _aLiteratura adulto
650 _aMaestros en la literatura
700 _aAndresco, Irene
_eTraductora
700 _aAndresco, Laura
_eTraductora
942 _2ddc
_cBKLIT
999 _c15806
_d15806